| 000 | 00412pab a2200145 454500 | ||
|---|---|---|---|
| 008 | 180718b1998 xxu||||| |||| 00| 0 eng d | ||
| 100 | _aImmergluck, Daniel | ||
| 245 | _aJob proximity and the urban employment problem: do suitable nearby jobs improve neighbourhood employment rates | ||
| 260 | _c1998 | ||
| 300 | _ap.7-23 | ||
| 362 | _aJan | ||
| 650 | _aEmployment | ||
| 773 | _aUrban Studies | ||
| 909 | _a38003 | ||
| 999 |
_c38003 _d38003 |
||